Ocaso de los ídolos (Registro nro. 302027)

Detalles MARC
000 -ENCABEZADO
Número de control [NR] 00961nam a2200253 a 4500
005 - FECHA Y HORA DE LA ÚLTIMA TRANSACCIÓN
control field 20151117095618.0
008 - DE LONGITUD FIJA DE DATOS DE ELEMENTOS - INFORMACIÓN GENERAL
Elementos de longitud fija [NR] 151117s2008 sp fr 00110dspa d
020 ## - NUMERO INTERNACIONAL NORMALIZADO PARA LIBROS [R]
Número Internacional Normalizado del libro [NR] 9788495994851
040 ## - FUENTE DE CATALOGACION [NR]
Agencia de catalogación original [NR] CO-BoUCM
Idioma de catalogación [NR] spa
Quien Cataloga Sandra Palacio
Quien Clasifica Sandra Palacio
041 1# - CODIGO DE IDIOMA [R]
Código de idioma para texto/pista de sonido o título separado [R] Español
Language code of original and/or intermediate translations of text ger
100 1# - ASIENTO PRINCIPAL--NOMBRE PERSONAL [NR]
Nombre personal [NR] Nietzsche, Friedrich Wilhelm
Fechas asociadas con el nombre [NR] 1844-1900
ID Autoridad 54237
245 10 - MENCION DE TITULO [NR]
Título [NR] Ocaso de los ídolos
Mención de responsabilidad, etc. [NR] Friedrich Wilhelm Nietzsche ; traductor José Luis Labata Lacasa
260 3# - PUBLICACION, DISTRIBUCION, ETC. (PIE DE IMPRENTA) [R]
Lugar de publicación, distribución, etc. [R] Madrid (España)
Nombre del editor, distribuidor, etc. [R] Mestas Ediciones
Fecha de publicación, distribución, etc. [R] 2008
300 ## - DESCRIPCION FISICA [R]
Extensión [R] 139 páginas
440 0# - MENCION DE SERIE /ASIENTO SECUNDARIO-- TITULO [R]
Titulo [NR] Proyerctos Ánafora
Designación numérica/secuencial del volumen [NR] 99
9 (RLIN) 73674
500 ## - NOTA GENERAL [R]
Nota general [NR] Incluye índice
534 ## - NOTA DE VERSION ORIGINAL [R]
Frase introductoria [NR] Título original :
Mención de título del original [NR] Gotzen-dämmerung oder wie man mit dem hammer philosophirt, 1889.
650 #7 - ASIENTO SECUNDARIO DE MATERIA - TERMINO TEMATICO [R]
Término temático o nombre geográfico como elemento de entrada [NR] Filosofía
9 (RLIN) 15725
650 #7 - ASIENTO SECUNDARIO DE MATERIA - TERMINO TEMATICO [R]
Término temático o nombre geográfico como elemento de entrada [NR] Filosofía alemana
9 (RLIN) 49628
690 ## - ASUNTO AGREGADO LOCAL DE ENTRADA - TÉRMINO TEMÁTICO (OCLC, RLIN)
9 (RLIN) 42814
Acceso temático local Filosofía
700 1# - ASIENTO SECUNDARIO - NOMBRE PERSONAL [R]
Nombre personal [NR] Labata Lacasa, José Luis
Término de relación [R] traductor
9 (RLIN) 73675
942 ## - ELEMENTOS DE ENTRADA AGREGADOS (KOHA)
Sistema de clasificación DEWEY
Tema principal Filosofía
Tipo de ítem principal el descrito en 300a Libro
Edición 1
Clasificación 193.9
Parte restante de la signatura top. N677oc
Existencias
Total préstamos Signatura topográfica Código de barras Última vez visto Ejemplar Costo de reposición Price effective from Tipo de ítem Perdido Sistema de clasificación Dañado No prestable Tipo de ítem específico Suprimido Ubicación habitual Ubicación actual Localización Fecha de creación Proveedor Forma de adquisición Costo
  193.9 N677oc 100148309 05/12/2025 Ej.1 26000.00 09/11/2015 Libro   DEWEY     Libro   Claustro Claustro 2do piso 09/11/2015 12 Donación 0.00